[Event "45th FIDE Chess Olympiad Open"]
[Site "Budapest, Hungary"]
[Date "2024.09.20"]
[Round "9"]
[White "Mak, Tong Kuan"]
[Black "Salim Mohammed, Salim Al Amri"]
[Result "0-1"]
[Board "294"]
[WhiteFideId "15400166"]
[BlackFideId "22000089"]
[WhiteTitle "CM"]
[BlackTitle "FM"]
[WhiteElo "1902"]
[BlackElo "1926"]
[WhiteTeam "Macau"]
[BlackTeam "Oman"]
[WhiteClock "0:16:53"]
[BlackClock "1:42:52"]
[Variant "Standard"]

1. e4 {[%clk 1:30:49]}  c6 {[%clk 1:30:55]} 2. d4 {[%clk 1:31:04]}  d5 {[%clk 1:31:19]} 3. exd5 {[%clk 1:29:27]}  cxd5 {[%clk 1:31:48]} 4. Bd3 {[%clk 1:27:50]}  Nc6 {[%clk 1:32:10]} 5. c3 {[%clk 1:22:26]}  Nf6 {[%clk 1:32:35]} 6. Bf4 {[%clk 1:22:04]}  Bg4 {[%clk 1:30:06]} 7. Qb3 {[%clk 1:21:53]}  Qd7 {[%clk 1:30:19]} 8. Nd2 {[%clk 1:20:31]}  e6 {[%clk 1:30:46]} 9. Ngf3 {[%clk 1:19:11]}  Bd6 {[%clk 1:31:14]} 10. Bxd6 {[%clk 1:18:01]}  Qxd6 {[%clk 1:31:43]} 11. O-O {[%clk 1:17:12]}  O-O {[%clk 1:32:07]} 12. Rfe1 {[%clk 1:14:38]}  Qc7 {[%clk 1:32:12]} 13. Rac1 {[%clk 1:03:57]}  Bh5 {[%clk 1:32:17]} 14. h3 {[%clk 0:41:35]}  Rab8 {[%clk 1:30:19]} 15. Qc2 {[%clk 0:33:15]}  Bg6 {[%clk 1:30:33]} 16. Bxg6 {[%clk 0:29:30]}  hxg6 {[%clk 1:31:01]} 17. Qd3 {[%clk 0:26:20]}  Nd7 {[%clk 1:30:36]} 18. Re3 {[%clk 0:19:18]}  Rfe8 {[%clk 1:26:53]} 19. Rce1 {[%clk 0:18:44]}  b5 {[%clk 1:27:04]} 20. h4 {[%clk 0:18:03]}  b4 {[%clk 1:26:58]} 21. Nb3 {[%clk 0:16:24]}  a5 {[%clk 1:26:36]} 22. h5 {[%clk 0:15:07]}  gxh5 {[%clk 1:26:43]} 23. Ng5 {[%clk 0:15:22]}  Nf6 {[%clk 1:27:00]} 24. Nc5 {[%clk 0:13:37]}  Qf4 {[%clk 1:25:48]} 25. Nh3 {[%clk 0:12:06]}  Qh6 {[%clk 1:26:16]} 26. f4 {[%clk 0:07:08]}  bxc3 {[%clk 1:26:16]} 27. bxc3 {[%clk 0:07:08]}  Ne7 {[%clk 1:22:55]} 28. R3e2 {[%clk 0:05:23]}  Nf5 {[%clk 1:19:50]} 29. Ng5 {[%clk 0:05:26]}  Qg6 {[%clk 1:19:19]} 30. a4 {[%clk 0:03:43]}  h4 {[%clk 1:16:37]} 31. Qa6 {[%clk 0:01:41]}  Ng3 {[%clk 1:16:41]} 32. Rd2 {[%clk 0:01:17]}  Rb1 {[%clk 1:16:46]} 33. Rdd1 {[%clk 0:00:41]}  Rxd1 {[%clk 1:17:04]} 34. Rxd1 {[%clk 0:01:10]}  Qc2 {[%clk 1:17:05]} 35. Qd3 {[%clk 0:01:30]}  Qxd3 {[%clk 1:16:10]} 36. Rxd3 {[%clk 0:02:00]}  Rb8 {[%clk 1:15:35]} 37. Kf2 {[%clk 0:01:01]}  Ng4+ {[%clk 1:15:20]} 38. Ke1 {[%clk 0:00:58]}  Rb1+ {[%clk 1:14:54]} 39. Rd1 {[%clk 0:00:41]}  Rxd1+ {[%clk 1:15:05]} 40. Kxd1 {[%clk 0:01:10]}  Ne3+ {[%clk 1:15:24]} 41. Kd2 {[%clk 0:26:19]}  Nc4+ {[%clk 1:44:29]} 42. Kc2 {[%clk 0:21:46]}  Nf5 {[%clk 1:44:37]} 43. Nd3 {[%clk 0:17:52]}  Nfe3+ {[%clk 1:43:36]} 44. Kb3 {[%clk 0:16:36]}  Nxg2 {[%clk 1:43:26]} 45. Ne5 {[%clk 0:16:53]}  f6 {[%clk 1:42:52]} 0-1

[Event "45th FIDE Chess Olympiad Open"]
[Site "Budapest, Hungary"]
[Date "2024.09.20"]
[Round "9"]
[White "Al Maashani, Abdullah"]
[Black "Wong, Kai Meng"]
[Result "1-0"]
[Board "295"]
[WhiteFideId "22000542"]
[BlackFideId "15400263"]
[WhiteElo "1893"]
[BlackElo "1795"]
[WhiteTeam "Oman"]
[BlackTeam "Macau"]
[WhiteClock "0:23:21"]
[BlackClock "0:30:30"]
[Variant "Standard"]

1. e4 {[%clk 1:30:59]}  e6 {[%clk 1:30:49]} 2. d3 {[%clk 1:31:20]}  d5 {[%clk 1:30:31]} 3. Nd2 {[%clk 1:31:45]}  c5 {[%clk 1:30:17]} 4. Ngf3 {[%clk 1:31:31]}  Nf6 {[%clk 1:29:28]} 5. g3 {[%clk 1:31:36]}  Nc6 {[%clk 1:29:06]} 6. c3 {[%clk 1:31:35]}  Bd6 {[%clk 1:27:20]} 7. Qe2 {[%clk 1:30:27]}  Qc7 {[%clk 1:26:21]} 8. exd5 {[%clk 1:29:50]}  Nxd5 {[%clk 1:26:28]} 9. Bg2 {[%clk 1:29:35]}  O-O {[%clk 1:26:23]} 10. O-O {[%clk 1:29:56]}  h6 {[%clk 1:24:58]} 11. Nc4 {[%clk 1:29:09]}  Be7 {[%clk 1:24:26]} 12. a4 {[%clk 1:29:04]}  Na5 {[%clk 1:23:20]} 13. Nfe5 {[%clk 1:23:19]}  Nb3 {[%clk 1:21:40]} 14. Rb1 {[%clk 1:22:55]}  Nxc1 {[%clk 1:20:37]} 15. Rbxc1 {[%clk 1:23:16]}  Rd8 {[%clk 1:19:25]} 16. Rfe1 {[%clk 1:18:35]}  Rb8 {[%clk 1:12:28]} 17. Qh5 {[%clk 1:15:48]}  Bf6 {[%clk 1:11:48]} 18. Ng4 {[%clk 1:15:39]}  Qe7 {[%clk 1:01:41]} 19. Nce3 {[%clk 1:10:37]}  Nxe3 {[%clk 0:45:19]} 20. Rxe3 {[%clk 1:10:50]}  Bg5 {[%clk 0:36:43]} 21. f4 {[%clk 1:10:42]}  g6 {[%clk 0:36:04]} 22. Nxh6+ {[%clk 1:03:59]}  Bxh6 {[%clk 0:34:59]} 23. Qxh6 {[%clk 1:04:23]}  b5 {[%clk 0:34:54]} 24. g4 {[%clk 1:00:45]}  Qf8 {[%clk 0:33:55]} 25. Qh4 {[%clk 1:00:47]}  Bd7 {[%clk 0:33:00]} 26. a5 {[%clk 0:56:32]}  c4 {[%clk 0:27:19]} 27. d4 {[%clk 0:54:45]}  b4 {[%clk 0:27:31]} 28. Be4 {[%clk 0:53:41]}  Qg7 {[%clk 0:25:28]} 29. cxb4 {[%clk 0:52:17]}  Qxd4 {[%clk 0:25:02]} 30. Rce1 {[%clk 0:51:46]}  Ba4 {[%clk 0:24:54]} 31. f5 {[%clk 0:51:34]}  exf5 {[%clk 0:13:37]} 32. gxf5 {[%clk 0:51:18]}  Bc6 {[%clk 0:13:30]} 33. fxg6 {[%clk 0:49:07]}  fxg6 {[%clk 0:13:53]} 34. Kh1 {[%clk 0:45:58]}  Rxb4 {[%clk 0:03:29]} 35. Qh6 {[%clk 0:37:08]}  Qf6 {[%clk 0:00:33]} 36. Kg1 {[%clk 0:23:21]}  Rxb2 {[%clk 0:30:30]} 1-0

[Event "45th FIDE Chess Olympiad Open"]
[Site "Budapest, Hungary"]
[Date "2024.09.20"]
[Round "9"]
[White "Al-Hajiri, Bader"]
[Black "Pereira, Sergio"]
[Result "1-0"]
[Board "297"]
[WhiteFideId "10300163"]
[BlackFideId "1908316"]
[WhiteTitle "FM"]
[WhiteElo "1947"]
[BlackElo "1988"]
[WhiteTeam "Kuwait"]
[BlackTeam "Sao Tome and Principe"]
[WhiteClock "0:05:26"]
[BlackClock "0:01:47"]
[Variant "Standard"]

1. e4 {[%clk 1:30:47]}  d5 {[%clk 1:30:28]} 2. exd5 {[%clk 1:30:54]}  Nf6 {[%clk 1:30:49]} 3. d4 {[%clk 1:30:00]}  Bg4 {[%clk 1:30:36]} 4. f3 {[%clk 1:28:46]}  Bf5 {[%clk 1:30:03]} 5. g4 {[%clk 1:27:47]}  Bg6 {[%clk 1:27:32]} 6. c4 {[%clk 1:27:58]}  e6 {[%clk 1:25:03]} 7. Nc3 {[%clk 1:26:07]}  Be7 {[%clk 1:21:48]} 8. g5 {[%clk 1:14:56]}  Nfd7 {[%clk 1:20:47]} 9. f4 {[%clk 1:13:48]}  exd5 {[%clk 1:15:26]} 10. Bg2 {[%clk 1:13:52]}  Nc6 {[%clk 1:12:31]} 11. Nxd5 {[%clk 1:13:42]}  O-O {[%clk 0:58:00]} 12. Ne2 {[%clk 1:11:18]}  Nb6 {[%clk 0:56:02]} 13. Ne3 {[%clk 0:51:33]}  Bb4+ {[%clk 0:40:45]} 14. Kf2 {[%clk 0:45:00]}  Bh5 {[%clk 0:37:48]} 15. d5 {[%clk 0:45:12]}  Ne7 {[%clk 0:33:50]} 16. Qd4 {[%clk 0:41:35]}  Nd7 {[%clk 0:28:01]} 17. Ng3 {[%clk 0:40:57]}  Bc5 {[%clk 0:24:54]} 18. Qc3 {[%clk 0:40:55]}  Bg6 {[%clk 0:22:46]} 19. b4 {[%clk 0:40:58]}  Bxe3+ {[%clk 0:22:44]} 20. Bxe3 {[%clk 0:41:20]}  f6 {[%clk 0:22:35]} 21. h4 {[%clk 0:38:20]}  fxg5 {[%clk 0:20:58]} 22. hxg5 {[%clk 0:38:43]}  a5 {[%clk 0:20:09]} 23. b5 {[%clk 0:38:09]}  b6 {[%clk 0:17:16]} 24. Rad1 {[%clk 0:35:48]}  Rb8 {[%clk 0:14:37]} 25. d6 {[%clk 0:34:26]}  cxd6 {[%clk 0:14:03]} 26. Rxd6 {[%clk 0:34:44]}  Qc7 {[%clk 0:14:15]} 27. Qd4 {[%clk 0:33:48]}  Nc5 {[%clk 0:13:33]} 28. Rd1 {[%clk 0:30:42]}  Rbe8 {[%clk 0:12:17]} 29. Bc1 {[%clk 0:28:27]}  a4 {[%clk 0:06:03]} 30. Bf3 {[%clk 0:23:32]}  Nc8 {[%clk 0:04:30]} 31. Rc6 {[%clk 0:21:16]}  Qe7 {[%clk 0:04:14]} 32. Bb2 {[%clk 0:20:12]}  a3 {[%clk 0:01:54]} 33. Ba1 {[%clk 0:19:56]}  Bc2 {[%clk 0:01:51]} 34. Nh5 {[%clk 0:19:30]}  Be4 {[%clk 0:01:05]} 35. Nxg7 {[%clk 0:06:01]}  Rd8 {[%clk 0:00:46]} 36. Nf5 {[%clk 0:06:01]}  Rxd4 {[%clk 0:00:45]} 37. Nh6+ {[%clk 0:06:10]}  Kh8 {[%clk 0:00:37]} 38. Bxd4+ {[%clk 0:06:30]}  Qg7 {[%clk 0:01:00]} 39. Bxg7+ {[%clk 0:04:58]}  Kxg7 {[%clk 0:01:29]} 40. Rxc5 {[%clk 0:05:03]}  Bxf3 {[%clk 0:01:47]} 41. Rc7+ {[%clk 0:05:26]} 1-0

[Event "45th FIDE Chess Olympiad Open"]
[Site "Budapest, Hungary"]
[Date "2024.09.20"]
[Round "9"]
[White "Espirito Santo, Waldyr"]
[Black "Al Ibrahim, Abdulrahman"]
[Result "0-1"]
[Board "298"]
[WhiteFideId "16900049"]
[BlackFideId "10300503"]
[WhiteTitle "CM"]
[WhiteElo "1926"]
[BlackElo "1932"]
[WhiteTeam "Sao Tome and Principe"]
[BlackTeam "Kuwait"]
[WhiteClock "0:59:29"]
[BlackClock "0:41:21"]
[Variant "Standard"]

1. e4 {[%clk 1:30:41]}  e5 {[%clk 1:30:52]} 2. Nf3 {[%clk 1:30:35]}  Nc6 {[%clk 1:31:16]} 3. Bc4 {[%clk 1:30:43]}  Nf6 {[%clk 1:31:38]} 4. d3 {[%clk 1:30:58]}  Be7 {[%clk 1:31:55]} 5. O-O {[%clk 1:30:53]}  O-O {[%clk 1:32:19]} 6. Re1 {[%clk 1:30:25]}  d6 {[%clk 1:32:23]} 7. c3 {[%clk 1:30:28]}  Na5 {[%clk 1:27:53]} 8. Bb5 {[%clk 1:29:42]}  a6 {[%clk 1:25:05]} 9. Ba4 {[%clk 1:29:59]}  b5 {[%clk 1:25:19]} 10. Bc2 {[%clk 1:30:17]}  c5 {[%clk 1:25:41]} 11. Nbd2 {[%clk 1:30:19]}  Nc6 {[%clk 1:24:54]} 12. Nf1 {[%clk 1:30:14]}  h6 {[%clk 1:24:46]} 13. Ng3 {[%clk 1:30:16]}  Re8 {[%clk 1:25:11]} 14. h3 {[%clk 1:29:16]}  Bf8 {[%clk 1:25:21]} 15. Nh2 {[%clk 1:28:44]}  Be6 {[%clk 1:20:05]} 16. Qf3 {[%clk 1:24:41]}  d5 {[%clk 1:19:07]} 17. Ng4 {[%clk 1:24:08]}  Nxg4 {[%clk 1:16:14]} 18. hxg4 {[%clk 1:24:29]}  d4 {[%clk 1:16:19]} 19. Nf5 {[%clk 1:24:16]}  dxc3 {[%clk 1:13:36]} 20. bxc3 {[%clk 1:24:21]}  a5 {[%clk 1:10:36]} 21. Be3 {[%clk 1:22:42]}  a4 {[%clk 1:07:32]} 22. g3 {[%clk 1:12:38]}  b4 {[%clk 1:07:37]} 23. d4 {[%clk 1:12:04]}  cxd4 {[%clk 1:00:53]} 24. cxd4 {[%clk 1:11:41]}  Nxd4 {[%clk 0:54:46]} 25. Nxd4 {[%clk 1:04:38]}  exd4 {[%clk 0:55:10]} 26. Bf4 {[%clk 1:02:23]}  Qc8 {[%clk 0:52:01]} 27. Bd1 {[%clk 1:02:05]}  Qc3 {[%clk 0:52:16]} 28. Be2 {[%clk 1:01:51]}  Bxa2 {[%clk 0:48:34]} 29. Bd3 {[%clk 1:01:13]}  Bc4 {[%clk 0:48:43]} 30. Be2 {[%clk 1:00:26]}  Qxf3 {[%clk 0:45:10]} 31. Bxf3 {[%clk 1:00:42]}  b3 {[%clk 0:45:24]} 32. e5 {[%clk 0:59:56]}  b2 {[%clk 0:41:06]} 33. Bxa8 {[%clk 0:59:26]}  Rxa8 {[%clk 0:41:02]} 34. Rad1 {[%clk 0:59:29]}  a3 {[%clk 0:41:21]} 0-1

[Event "45th FIDE Chess Olympiad Open"]
[Site "Budapest, Hungary"]
[Date "2024.09.20"]
[Round "9"]
[White "Alsaqer, Meshal"]
[Black "Nascimento Admilton de Ceita dos Santos"]
[Result "1/2-1/2"]
[Board "299"]
[WhiteFideId "10301771"]
[BlackFideId "16900120"]
[WhiteElo "1815"]
[BlackElo "1908"]
[WhiteTeam "Kuwait"]
[BlackTeam "Sao Tome and Principe"]
[WhiteClock "0:13:57"]
[BlackClock "0:53:15"]
[Variant "Standard"]

1. d4 {[%clk 1:30:50]}  d5 {[%clk 1:30:38]} 2. Nf3 {[%clk 1:31:00]}  Nf6 {[%clk 1:30:46]} 3. c4 {[%clk 1:31:01]}  e6 {[%clk 1:31:08]} 4. g3 {[%clk 1:31:04]}  b6 {[%clk 1:31:08]} 5. cxd5 {[%clk 1:31:00]}  exd5 {[%clk 1:30:49]} 6. Bg2 {[%clk 1:30:46]}  Be7 {[%clk 1:30:34]} 7. O-O {[%clk 1:30:27]}  O-O {[%clk 1:30:56]} 8. Nc3 {[%clk 1:29:54]}  Bb7 {[%clk 1:30:59]} 9. Bf4 {[%clk 1:28:40]}  a6 {[%clk 1:27:51]} 10. Rc1 {[%clk 1:27:52]}  Bd6 {[%clk 1:27:20]} 11. Bxd6 {[%clk 1:25:43]}  Qxd6 {[%clk 1:27:39]} 12. Qb3 {[%clk 1:25:12]}  Nc6 {[%clk 1:27:17]} 13. Rfd1 {[%clk 1:23:42]}  Rac8 {[%clk 1:24:49]} 14. e3 {[%clk 1:21:14]}  h6 {[%clk 1:17:37]} 15. Nh4 {[%clk 1:17:46]}  Na5 {[%clk 1:17:17]} 16. Qc2 {[%clk 1:17:22]}  Qe6 {[%clk 1:16:25]} 17. Nf5 {[%clk 1:10:06]}  Ne4 {[%clk 1:16:11]} 18. Bh3 {[%clk 1:08:53]}  Kh8 {[%clk 1:11:35]} 19. Nxe4 {[%clk 1:07:08]}  dxe4 {[%clk 1:10:32]} 20. Kg2 {[%clk 0:56:15]}  Bd5 {[%clk 1:10:13]} 21. Nxg7 {[%clk 0:52:22]}  Qg6 {[%clk 1:10:10]} 22. Nf5 {[%clk 0:51:00]}  Qf6 {[%clk 1:07:56]} 23. Qe2 {[%clk 0:48:38]}  Rg8 {[%clk 1:04:46]} 24. Qh5 {[%clk 0:46:08]}  Kh7 {[%clk 1:04:22]} 25. Nxh6 {[%clk 0:44:22]}  Qf3+ {[%clk 1:04:20]} 26. Qxf3 {[%clk 0:43:47]}  exf3+ {[%clk 1:04:42]} 27. Kg1 {[%clk 0:43:56]}  Kxh6 {[%clk 1:05:05]} 28. Bxc8 {[%clk 0:44:19]}  Rxc8 {[%clk 1:05:09]} 29. Rc3 {[%clk 0:39:31]}  f5 {[%clk 1:03:33]} 30. Rdc1 {[%clk 0:36:38]}  c6 {[%clk 1:03:43]} 31. b4 {[%clk 0:35:56]}  Nb7 {[%clk 1:03:19]} 32. a4 {[%clk 0:31:23]}  Nd6 {[%clk 1:01:18]} 33. h3 {[%clk 0:30:22]}  Kg5 {[%clk 1:01:19]} 34. R3c2 {[%clk 0:27:06]}  Rh8 {[%clk 1:00:20]} 35. h4+ {[%clk 0:25:46]}  Kg4 {[%clk 1:00:28]} 36. Kh2 {[%clk 0:22:10]}  Rc8 {[%clk 0:57:33]} 37. Ra1 {[%clk 0:20:27]}  Bc4 {[%clk 0:54:24]} 38. Rac1 {[%clk 0:19:51]}  Bd5 {[%clk 0:54:33]} 39. Ra1 {[%clk 0:20:04]}  Bb3 {[%clk 0:54:30]} 40. Rc3 {[%clk 0:19:48]}  Bc4 {[%clk 0:54:13]} 41. Rac1 {[%clk 0:19:25]}  Bd5 {[%clk 0:53:33]} 42. R3c2 {[%clk 0:16:12]}  Be4 {[%clk 0:53:08]} 43. Rc3 {[%clk 0:16:11]}  Bd5 {[%clk 0:53:15]} 44. R3c2 {[%clk 0:13:57]} 1/2-1/2

[Event "45th FIDE Chess Olympiad Open"]
[Site "Budapest, Hungary"]
[Date "2024.09.20"]
[Round "9"]
[White "Lima, Osvaldo Dos Santos"]
[Black "Alabdaljader, Mohammed"]
[Result "1/2-1/2"]
[Board "300"]
[WhiteFideId "14306352"]
[BlackFideId "10304290"]
[WhiteTitle "CM"]
[WhiteElo "1903"]
[BlackElo "1677"]
[WhiteTeam "Sao Tome and Principe"]
[BlackTeam "Kuwait"]
[WhiteClock "0:47:35"]
[BlackClock "0:11:39"]
[Variant "Standard"]

1. c4 {[%clk 1:30:57]}  e5 {[%clk 1:30:47]} 2. Nc3 {[%clk 1:31:22]}  Nc6 {[%clk 1:31:03]} 3. g3 {[%clk 1:31:34]}  f5 {[%clk 1:30:57]} 4. d3 {[%clk 1:30:32]}  Nf6 {[%clk 1:30:57]} 5. Bg2 {[%clk 1:30:48]}  Bb4 {[%clk 1:30:51]} 6. Bg5 {[%clk 1:29:50]}  O-O {[%clk 1:27:30]} 7. a3 {[%clk 1:29:41]}  Bxc3+ {[%clk 1:27:35]} 8. bxc3 {[%clk 1:29:46]}  d6 {[%clk 1:27:46]} 9. Rb1 {[%clk 1:27:57]}  Kh8 {[%clk 1:24:38]} 10. e3 {[%clk 1:27:49]}  Qe8 {[%clk 1:23:05]} 11. Ne2 {[%clk 1:26:24]}  Rb8 {[%clk 1:23:22]} 12. Bxf6 {[%clk 1:24:13]}  Rxf6 {[%clk 1:23:38]} 13. d4 {[%clk 1:23:57]}  Bd7 {[%clk 1:19:15]} 14. Bxc6 {[%clk 1:22:25]}  Bxc6 {[%clk 1:18:56]} 15. d5 {[%clk 1:22:41]}  Bd7 {[%clk 1:19:04]} 16. O-O {[%clk 1:21:04]}  Qh5 {[%clk 1:12:17]} 17. f3 {[%clk 1:21:16]}  b6 {[%clk 1:05:28]} 18. Rf2 {[%clk 1:21:02]}  Rbf8 {[%clk 0:57:37]} 19. f4 {[%clk 1:21:02]}  Be8 {[%clk 0:53:07]} 20. Qd2 {[%clk 1:16:53]}  Qh3 {[%clk 0:50:23]} 21. Qd1 {[%clk 1:16:13]}  Rh6 {[%clk 0:46:36]} 22. Qf1 {[%clk 1:15:33]}  Qg4 {[%clk 0:47:01]} 23. Qg2 {[%clk 1:13:48]}  Bh5 {[%clk 0:46:17]} 24. Rbf1 {[%clk 1:07:05]}  Qg6 {[%clk 0:46:04]} 25. Nc1 {[%clk 1:04:07]}  Bg4 {[%clk 0:45:53]} 26. Re1 {[%clk 1:03:20]}  Qe8 {[%clk 0:41:55]} 27. e4 {[%clk 1:01:43]}  Qa4 {[%clk 0:37:18]} 28. fxe5 {[%clk 0:59:48]}  dxe5 {[%clk 0:36:39]} 29. exf5 {[%clk 0:58:57]}  Qxc4 {[%clk 0:36:52]} 30. Qe4 {[%clk 0:52:32]}  Qxc3 {[%clk 0:33:07]} 31. Qxe5 {[%clk 0:51:48]}  Qxe5 {[%clk 0:23:35]} 32. Rxe5 {[%clk 0:52:15]}  Rhf6 {[%clk 0:23:08]} 33. Nb3 {[%clk 0:48:48]}  Bxf5 {[%clk 0:17:02]} 34. Nd4 {[%clk 0:47:24]}  Bg6 {[%clk 0:14:56]} 35. Rxf6 {[%clk 0:46:39]}  gxf6 {[%clk 0:15:22]} 36. Re7 {[%clk 0:46:19]}  Rf7 {[%clk 0:15:10]} 37. Re8+ {[%clk 0:44:21]}  Kg7 {[%clk 0:15:36]} 38. Ne6+ {[%clk 0:40:13]}  Kh6 {[%clk 0:16:02]} 39. Rc8 {[%clk 0:37:54]}  Bf5 {[%clk 0:13:05]} 40. Re8 {[%clk 0:38:19]}  Rd7 {[%clk 0:12:44]} 41. Nf4 {[%clk 0:37:12]}  a5 {[%clk 0:10:43]} 42. Kf2 {[%clk 0:36:59]}  Rd6 {[%clk 0:07:48]} 43. h3 {[%clk 0:34:47]}  c6 {[%clk 0:00:50]} 44. dxc6 {[%clk 0:33:07]}  Rxc6 {[%clk 0:00:45]} 45. g4 {[%clk 0:33:02]}  Bg6 {[%clk 0:28:40]} 46. Re3 {[%clk 1:01:34]}  Bf7 {[%clk 0:26:49]} 47. h4 {[%clk 1:00:36]}  Rc2+ {[%clk 0:24:19]} 48. Kg3 {[%clk 1:00:32]}  Rb2 {[%clk 0:22:22]} 49. Re7 {[%clk 0:59:42]}  Rb3+ {[%clk 0:21:34]} 50. Kf2 {[%clk 0:59:55]}  Bc4 {[%clk 0:21:23]} 51. Rc7 {[%clk 0:56:51]}  b5 {[%clk 0:21:02]} 52. a4 {[%clk 0:56:00]}  Rb4 {[%clk 0:18:36]} 53. axb5 {[%clk 0:55:23]}  Bxb5 {[%clk 0:19:04]} 54. Kg3 {[%clk 0:55:42]}  Rb3+ {[%clk 0:19:01]} 55. Kf2 {[%clk 0:55:12]}  a4 {[%clk 0:16:22]} 56. Rf7 {[%clk 0:55:35]}  a3 {[%clk 0:14:03]} 57. Nh5 {[%clk 0:55:22]}  Rb2+ {[%clk 0:11:04]} 58. Kg3 {[%clk 0:55:02]}  Be8 {[%clk 0:11:27]} 59. Rxf6+ {[%clk 0:53:35]}  Bg6 {[%clk 0:11:55]} 60. Ra6 {[%clk 0:50:10]}  a2 {[%clk 0:11:34]} 61. Nf4 {[%clk 0:49:29]}  Kg7 {[%clk 0:11:15]} 62. Nxg6 {[%clk 0:47:35]}  hxg6 {[%clk 0:11:39]} 1/2-1/2

[Event "45th FIDE Chess Olympiad Open"]
[Site "Budapest, Hungary"]
[Date "2024.09.20"]
[Round "9"]
[White "Fancy, Stuart"]
[Black "Ayyad, Husain"]
[Result "0-1"]
[Board "301"]
[WhiteFideId "9100024"]
[BlackFideId "11200243"]
[WhiteTitle "FM"]
[BlackTitle "FM"]
[WhiteElo "1921"]
[BlackElo "2129"]
[WhiteTeam "Papua New Guinea"]
[BlackTeam "Bahrain"]
[WhiteClock "0:06:06"]
[BlackClock "0:02:45"]
[Variant "Standard"]

1. e4 {[%clk 1:30:58]}  e5 {[%clk 1:30:33]} 2. Nf3 {[%clk 1:31:15]}  Nc6 {[%clk 1:30:56]} 3. Nc3 {[%clk 1:31:42]}  Nf6 {[%clk 1:31:05]} 4. d4 {[%clk 1:31:57]}  exd4 {[%clk 1:30:20]} 5. Nxd4 {[%clk 1:32:19]}  Bb4 {[%clk 1:30:44]} 6. Nxc6 {[%clk 1:32:33]}  bxc6 {[%clk 1:31:05]} 7. Bd3 {[%clk 1:32:55]}  O-O {[%clk 1:30:19]} 8. O-O {[%clk 1:32:47]}  d5 {[%clk 1:30:44]} 9. exd5 {[%clk 1:32:57]}  cxd5 {[%clk 1:31:07]} 10. Bg5 {[%clk 1:33:09]}  c6 {[%clk 1:31:31]} 11. Qf3 {[%clk 1:31:55]}  Be7 {[%clk 1:30:30]} 12. h3 {[%clk 1:31:14]}  h6 {[%clk 1:30:36]} 13. Bf4 {[%clk 1:30:37]}  Be6 {[%clk 1:30:59]} 14. Ne2 {[%clk 1:21:38]}  c5 {[%clk 0:48:31]} 15. c3 {[%clk 1:19:55]}  Qb6 {[%clk 0:41:52]} 16. b3 {[%clk 1:15:56]}  Rfe8 {[%clk 0:42:00]} 17. Ng3 {[%clk 1:07:43]}  Rad8 {[%clk 0:32:31]} 18. Rfe1 {[%clk 0:59:18]}  d4 {[%clk 0:23:11]} 19. c4 {[%clk 0:57:09]}  Bc8 {[%clk 0:21:28]} 20. Nf5 {[%clk 0:51:31]}  Bxf5 {[%clk 0:21:39]} 21. Bxf5 {[%clk 0:51:55]}  Bd6 {[%clk 0:21:54]} 22. Bd2 {[%clk 0:51:26]}  Bc7 {[%clk 0:09:38]} 23. Bd3 {[%clk 0:48:44]}  Bd6 {[%clk 0:02:52]} 24. g3 {[%clk 0:46:46]}  Bf8 {[%clk 0:03:18]} 25. g4 {[%clk 0:43:26]}  g6 {[%clk 0:02:35]} 26. Bf4 {[%clk 0:39:01]}  Bg7 {[%clk 0:02:56]} 27. h4 {[%clk 0:37:25]}  Rxe1+ {[%clk 0:01:48]} 28. Rxe1 {[%clk 0:37:52]}  Re8 {[%clk 0:02:10]} 29. Rxe8+ {[%clk 0:37:05]}  Nxe8 {[%clk 0:02:39]} 30. Qe2 {[%clk 0:35:58]}  Kf8 {[%clk 0:01:42]} 31. f3 {[%clk 0:34:05]}  Qd8 {[%clk 0:01:55]} 32. g5 {[%clk 0:33:37]}  hxg5 {[%clk 0:02:19]} 33. hxg5 {[%clk 0:32:57]}  Nc7 {[%clk 0:02:08]} 34. Bd2 {[%clk 0:30:49]}  Ne6 {[%clk 0:02:30]} 35. f4 {[%clk 0:29:01]}  Qd6 {[%clk 0:02:51]} 36. Qe4 {[%clk 0:28:03]}  Kg8 {[%clk 0:03:15]} 37. Kg2 {[%clk 0:27:59]}  Bf8 {[%clk 0:03:41]} 38. Kf3 {[%clk 0:27:21]}  Ng7 {[%clk 0:02:53]} 39. Qe5 {[%clk 0:24:57]}  Qd7 {[%clk 0:03:17]} 40. Kg3 {[%clk 0:22:19]}  Bd6 {[%clk 0:01:29]} 41. Qe4 {[%clk 0:15:46]}  Ne6 {[%clk 0:12:43]} 42. Qd5 {[%clk 0:41:27]}  Qc7 {[%clk 0:13:03]} 43. Qe4 {[%clk 0:32:29]}  Nxg5 {[%clk 0:13:04]} 44. Qe8+ {[%clk 0:32:52]}  Kg7 {[%clk 0:13:02]} 45. Kg4 {[%clk 0:33:13]}  Nh7 {[%clk 0:13:26]} 46. Qe2 {[%clk 0:31:32]}  Nf6+ {[%clk 0:13:03]} 47. Kf3 {[%clk 0:30:48]}  Qc6+ {[%clk 0:12:07]} 48. Kf2 {[%clk 0:30:01]}  Qh1 {[%clk 0:12:31]} 49. f5 {[%clk 0:27:34]}  Qh4+ {[%clk 0:12:50]} 50. Kf1 {[%clk 0:27:29]}  Ng4 {[%clk 0:13:05]} 51. Qg2 {[%clk 0:25:08]}  g5 {[%clk 0:08:19]} 52. Be2 {[%clk 0:23:52]}  Ne3+ {[%clk 0:08:42]} 53. Bxe3 {[%clk 0:24:17]}  dxe3 {[%clk 0:09:06]} 54. Bg4 {[%clk 0:23:03]}  Bg3 {[%clk 0:07:25]} 55. Qf3 {[%clk 0:23:00]}  Bf4 {[%clk 0:07:22]} 56. Qg2 {[%clk 0:19:35]}  Be5 {[%clk 0:07:07]} 57. Ke2 {[%clk 0:19:33]}  Bd4 {[%clk 0:07:32]} 58. Qg1 {[%clk 0:18:09]}  Qh6 {[%clk 0:04:17]} 59. Bf3 {[%clk 0:18:08]}  Kf6 {[%clk 0:04:40]} 60. Bg4 {[%clk 0:16:53]}  Qh8 {[%clk 0:04:01]} 61. Qg2 {[%clk 0:16:36]}  Qb8 {[%clk 0:04:25]} 62. Qc6+ {[%clk 0:16:44]}  Kg7 {[%clk 0:04:47]} 63. Qg2 {[%clk 0:16:11]}  Qb4 {[%clk 0:04:59]} 64. Kd3 {[%clk 0:14:58]}  Qc3+ {[%clk 0:05:17]} 65. Ke4 {[%clk 0:15:08]}  Be5 {[%clk 0:05:09]} 66. Kf3 {[%clk 0:12:37]}  Kf6 {[%clk 0:04:52]} 67. Qe2 {[%clk 0:11:15]}  Bf4 {[%clk 0:05:00]} 68. Kg2 {[%clk 0:09:28]}  Ke5 {[%clk 0:05:08]} 69. Kf3 {[%clk 0:07:06]}  Qc1 {[%clk 0:04:38]} 70. Kg2 {[%clk 0:07:22]}  Kd4 {[%clk 0:04:55]} 71. Bf3 {[%clk 0:05:24]}  Kc3 {[%clk 0:04:29]} 72. f6 {[%clk 0:05:07]}  Qd2 {[%clk 0:03:37]} 73. Kf1 {[%clk 0:05:25]}  Be5 {[%clk 0:03:14]} 74. Bd5 {[%clk 0:05:30]}  Bxf6 {[%clk 0:02:50]} 75. Bxf7 {[%clk 0:05:58]}  g4 {[%clk 0:02:39]} 76. Qe1 {[%clk 0:05:36]}  Qxe1+ {[%clk 0:01:59]} 77. Kxe1 {[%clk 0:06:05]}  g3 {[%clk 0:02:21]} 78. Bd5 {[%clk 0:06:06]}  Kd3 {[%clk 0:02:45]} 0-1